00569nam a2200121Ia 4500008004100000082002100041100001400062245011000076260003500186365000600221630011000227730011000337100415s9999 xx 000 0 und d b5461a595.76(54) aMaulik S aThe Fauna of British India, including Ceylon and Burma Coleoptera Chrysomelidae (Hispinae and Cassidinae) aLONDONc1919bTAYLOR & FRANCIS b0 aThe Fauna of British India, including Ceylon and Burma Coleoptera Chrysomelidae (Hispinae and Cassidinae) aThe Fauna of British India, including Ceylon and Burma Coleoptera Chrysomelidae (Hispinae and Cassidinae)